000 010540000a22002050004500
020 _a84-301-1562-5
041 0 _aSPA
082 0 4 _aG 232 R875j
100 1 _aRovira Belloso, Josep María (1926)
245 1 0 _aJesús, el Mesías de Dios : Una teología para unir conocimiento, afecto y vida / Josep María Rovira Belloso
260 _aSalamanca : Sígueme
300 _a350 Pag
505 0 0 _a- De una teología de Juan Bautista a una teología del bautismo - Sobre los evangelios de la infancia - Comienzo del evangelio de Marcos - El sermón de la montaña - Las parábolas - Sentencias de Jesús - La misión - Los milagros - La eucaristía y la fe según Pablo, Juan y Lucas - La pascua de Jesús: una lucha entre la vida y la muerte - La pascua de Jesús: narraciones y misterio de la resurrección - El retorno del Señor - Epílogo ¿Quién es Jesús de Nazaret?
650 1 4 _aJESUCRISTO
001 13631
942 _cBK
999 _c42588
_d42588
336 _atexto
_btxt
_2rdacontent
337 _2rdamedia
_asin mediación
_bn
338 _2rdacarrier
_avolumen
_bnc